| 000 | 00883cam a22002653a 4500 | ||
|---|---|---|---|
| 001 | 4318 | ||
| 003 | PGUSA | ||
| 005 | 20140828083052.0 | ||
| 008 | 030801s2003||||xxu|||||s|||||000 | eng d | ||
| 040 |
_aPGUSA _beng |
||
| 042 | _adc | ||
| 050 | 4 | _aKF | |
| 100 | 1 | _aLibrary of Congress. Copyright Office | |
| 245 | 1 | 0 |
_aReproduction of Copyrighted Works By Educators and Librarians _h[electronic resource] / _cLibrary of Congress. Copyright Office |
| 260 |
_bProject Gutenberg, _c2003 |
||
| 506 | _aPublic domain in the USA. | ||
| 516 | _aElectronic text | ||
| 653 | _aCopyright -- United States | ||
| 653 | _aPhotocopying services in libraries -- United States | ||
| 653 | _aFair use (Copyright) -- United States | ||
| 653 | _aCopyright infringement -- United States | ||
| 830 | 0 |
_aProject Gutenberg _v4318 |
|
| 856 | 4 | 0 | _uhttp://www.gutenberg.org/ebooks/4318 |
| 942 | _cEB | ||
| 999 |
_c233647 _d233647 |
||